| 000 | 01040cam a22002777a 4500 | ||
|---|---|---|---|
| 999 |
_c328443 _d328443 |
||
| 001 | 14339786 | ||
| 003 | Nust | ||
| 005 | 20170407112255.0 | ||
| 008 | 060413s2002 ii ab b 001 0 eng d | ||
| 010 | _a 2006378708 | ||
| 020 | _a8176482935 | ||
| 035 | _a(OCoLC)ocm51440142 | ||
| 040 |
_aOUN _cOUN _dOCLCQ _dDLC |
||
| 042 | _alccopycat | ||
| 043 | _ad------ | ||
| 050 | 0 | 0 | _bU73 2002 |
| 082 | _a362.1 AKH | ||
| 245 | 0 | 0 |
_aUrban health in the third world / _cEditor, Rais Akhtar. |
| 260 |
_aNew Delhi : _bAPH Pub. Corp., _c2002. |
||
| 300 |
_axiv, 454 p. : _bill., maps ; _c22 cm. |
||
| 500 | _aH.B | ||
| 504 | _aIncludes bibliographical references and index. | ||
| 650 | 0 |
_aUrban health _zDeveloping countries. |
|
| 650 | 2 |
_aUrban Health _zDeveloping Countries. |
|
| 700 | 1 |
_aAkhtar, Rais, _d1946- |
|
| 856 | 4 | 1 |
_3Table of contents only _uhttp://www.loc.gov/catdir/toc/fy0701/2006378708.html |
| 906 |
_a7 _bcbc _ccopycat _d3 _encip _f20 _gy-gencatlg |
||
| 942 |
_2ddc _cBK _k362.1 AKH |
||